[Event "ROM-ch U10 Girls"]
[Site "Calimanesti"]
[Date "2015.04.02"]
[Round "5"]
[White "Nicola, Anamaria Ioana"]
[Black "Trifoi, Mihaela Ioana"]
[Result "0-1"]
[WhiteElo "1545"]
[BlackElo "1518"]
[PlyCount "120"]
[EventDate "2015.03.30"]
[EventType "swiss"]
[EventRounds "9"]
[EventCountry "ROU"]
[SourceTitle "CBM 165 Extra"]
[Source "ChessBase"]
[SourceDate "2015.04.21"]
[SourceVersion "1"]
[SourceVersionDate "2015.04.21"]
[SourceQuality "1"]

1. d4 d5 2. c4 dxc4 3. e3 Bf5 4. Bxc4 Nf6 5. Qb3 e6 6. Nf3 b6 7. Nc3 c6 8. 0-0 Be7 9. Bd2 0-0 10. Rac1 Nbd7 11. a3 c5 12. Rfe1 cxd4 13. exd4 Bg6 14. Be3 Kh8 15. Ne5 Bf5 16. Nc6 Qe8 17. Nxe7 Qxe7 18. h3 Rac8 19. Nb5 a6 20. Nc3 b5 21. Be2 Ne4 22. Nxe4 Bxe4 23. f3 Bd5 24. Qd3 Bc4 25. Qd2 Bxe2 26. Qxe2 Qd6 27. Qd3 g6 28. Red1 Rfe8 29. b4 Rxc1 30. Rxc1 Ne5 31. Qe4 Nc4 32. Qd3 f6 33. Bf2 Rd8 34. Qc3 Kg8 35. Re1 Kg7 36. Ra1 Rd7 37. a4 Rc7 38. Qb3 Qf4 39. axb5 axb5 40. Re1 Qg5 41. Rxe6 Nd2 42. Qe3 Rc1+ 43. Be1 Rxe1+ 44. Qxe1 Nxf3+ 45. Kf2 Nxe1 46. Rxe1 Qd2+ 47. Re2 Qxd4+ 48. Re3 Qxb4 49. Re2 Qf4+ 50. Kg1 b4 51. Re7+ Kh6 52. Re1 b3 53. Rf1 Qxf1+ 54. Kxf1 b2 55. Ke2 b1Q 56. g4 Qh1 57. h4 Qxh4 58. Kf3 Kg5 59. Ke2 Qxg4+ 60. Kf2 h5 0-1

[Event "ROM-ch U10 Girls"]
[Site "Calimanesti"]
[Date "2014.04.13"]
[Round "9"]
[White "Nicola, Anamaria Ioana"]
[Black "Vulpe, Raisa Georgiana"]
[Result "1-0"]
[WhiteElo "1073"]
[BlackElo "1252"]
[PlyCount "75"]
[EventDate "2014.04.06"]
[EventType "swiss"]
[EventRounds "9"]
[EventCountry "ROU"]
[SourceTitle "CBM 160 Extra"]
[Source "ChessBase"]
[SourceDate "2014.07.01"]
[SourceVersion "1"]
[SourceVersionDate "2014.07.01"]
[SourceQuality "1"]

1. d4 d5 2. Nc3 e6 3. Nf3 Nf6 4. e3 Be7 5. Bd3 0-0 6. 0-0 b6 7. Bd2 Bb7 8. Ne5 Nbd7 9. Nxd7 Qxd7 10. Qf3 h6 11. Rfe1 a6 12. a4 Rfe8 13. Ne2 Ne4 14. Bxe4 dxe4 15. Qg4 Rad8 16. Nc3 Bf6 17. Nxe4 Bxe4 18. Qxe4 e5 19. Qd3 exd4 20. Qxa6 dxe3 21. Bxe3 Bxb2 22. Rab1 Bc3 23. Rec1 Ra8 24. Qb5 Qxb5 25. axb5 g5 26. Rb3 Ba5 27. f4 f6 28. fxg5 fxg5 29. Rd1 Rad8 30. Rxd8 Rxd8 31. Rd3 Rxd3 32. cxd3 Bb4 33. Kf2 Kf7 34. Kf3 Kf6 35. Bd4+ Kf5 36. g4+ Kg6 37. Be5 Kf7 38. Bxc7 1-0

[Event "ROM-ch U10 Girls"]
[Site "Calimanesti"]
[Date "2014.04.09"]
[Round "4"]
[White "Nicola, Anamaria Ioana"]
[Black "Hejja, Irisz Hanna"]
[Result "0-1"]
[WhiteElo "1073"]
[BlackElo "1381"]
[PlyCount "112"]
[EventDate "2014.04.06"]
[EventType "swiss"]
[EventRounds "9"]
[EventCountry "ROU"]
[SourceTitle "CBM 160 Extra"]
[Source "ChessBase"]
[SourceDate "2014.07.01"]
[SourceVersion "1"]
[SourceVersionDate "2014.07.01"]
[SourceQuality "1"]

1. d4 d5 2. Nc3 Bf5 3. Nf3 Nf6 4. Bf4 e6 5. e3 c6 6. Bd3 Bxd3 7. Qxd3 Be7 8. 0-0-0 b5 9. e4 dxe4 10. Nxe4 Nd5 11. Bd2 a5 12. Bg5 f6 13. Bd2 a4 14. Nc5 Bxc5 15. dxc5 Nd7 16. Be3 Qe7 17. Rhe1 0-0 18. Nd4 Nxc5 19. Qe2 Rfc8 20. Nf3 Re8 21. Nd4 Qc7 22. g3 b4 23. Nf3 Qe7 24. Qc4 Ra5 25. Nd4 Qd6 26. f4 Rb8 27. f5 e5 28. Nf3 b3 29. c3 bxa2 30. Qxa2 Kh8 31. c4 Nb4 32. Rxd6 Nxa2+ 33. Kb1 Nb4 34. Bd2 h6 35. Bxb4 Rxb4 36. Rc1 a3 37. Rc2 Rb3 38. Rxc6 Rxf3 39. Rd2 Rf1+ 40. Ka2 Nb3 41. Kxb3 a2 42. Rd8+ Kh7 43. Rcc8 Rf3+ 44. Kb4 Ra4+ 45. Kc5 Ra5+ 46. Kb6 Rb3+ 47. Kc7 Rc5+ 48. Kd6 Rxc8 49. Rxc8 a1Q 50. c5 Qa6+ 51. Rc6 Rd3+ 52. Kc7 Qa7+ 53. Kc8 Qd7+ 54. Kb8 Qxc6 55. Ka7 Rb3 56. g4 Qb7# 0-1